Minecrafts besten PvP Spieler - Statistiken

Allgemein
  • Dieses Quiz wurde 21 mal gespielt
  • Das Durchschnittsergebnis liegt bei 5 aus 10
Antwortstatistiken
Rang Antwort % Korrekt
Platz 1. Marlowww
94%
Platz 2. ItzRealMe
78%
Platz 3. Swight
78%
Platz 4. coldified
56%
Platz 5. BlvckWlf
44%
Platz 7. janekv
22%
Platz 6. Kylaz
22%
Platz 8. ninorc15
22%
Platz 10. yMiau
22%
Platz 9. Lurrn
17%
Keine übereinstimmenden Quizze gefunden
Verteilung der Resultate
Anzahl Personen mit jedem Resultat
Perzentil nach korrekt beantworteten Fragen
Ihre Resultats-Entwicklung
Sie haben dieses Quiz noch nicht gespielt